World Capitals by Last Letter (A-Z) - Statistics

General Stats
  • This quiz has been taken 24,948 times
    24,001 since last reset
  • The average score is 15 of 20
Answer Stats
Letter # Capital % Correct
A 48 Tirana | Andorra la Vella | Luanda | Canberra | Vienna | Manama | Dhaka | Brasilia | Sofia | Gitega | Ottawa | Praia | N'Djamena | Bogota | Havana | Nicosia | Kinshasa | Asmara | Addis Ababa | Suva | Accra | Tegucigalpa | Jakarta | South Tarawa | Pristina | Riga | Monrovia | Valletta | Podgorica | Managua | Abuja | Lima | Manila | Doha | Apia | Victoria | Bratislava | Ljubljana | Honiara | Pretoria | Juba | Dodoma | Nuku'alofa | Ankara | Kampala | Port Vila | Sana'a | Lusaka | Astana
99%
N 25 Yerevan | Bridgetown | Belmopan | Bandar Seri Begawan | Copenhagen | Tallinn | Berlin | Georgetown | Tehran | Dublin | Kingston | Amman | Yaren | Wellington | Asuncion | Lisbon | Kingstown | Freetown | Cape Town | Bloemfontein | Bern | Port-of-Spain | London | Washington
93%
O 17 Sarajevo | Santiago | Cairo | Quito | Tokyo | Monaco | Oslo | San Marino | Montevideo | Santo Domingo | Porto-Novo | Yamoussoukro | Antananarivo | Bamako | Majuro | Maputo | Paramaribo
91%
I 14 Bangui | Moroni | Djibouti | Dili | Helsinki | Tbilisi | New Delhi | Nairobi | Tripoli | Kigali | Taipei | Funafuti | Abu Dhabi | Hanoi
89%
S 13 Paris | Brussels | Damascus | Caracas | Algiers | Athens | Buenos Aires | Tunis | Vilnius | Saint George's | Port Louis | Castries | Saint John's
89%
E 22 Rome | Prague | Belgrade | Singapore | Sucre | Gaborone | Yaoundé | San Jose | Mbabane | Libreville | Port-au-Prince | Vientiane | Lilongwe | Male | Skopje | Brazzaville | Basseterre | Sao Tome | Sri Jayawardenepura Kotte | Dushanbe | Lomé | Harare
88%
W 3 Warsaw | Moscow | Naypyidaw
85%
D 4 Madrid | Islamabad | Baghdad | Ngerulmud
82%
K 5 Minsk | Bangkok| Reykjavik | Bishkek | Windhoek
77%
T 8 Budapest | Bucharest | Beirut | Rabat | Muscat | Nouakchott | Ashgabat | Tashkent
76%
M 4 Amsterdam | Stockholm | Jerusalem | Khartoum
74%
G 3 Beijing | Luxembourg | Pyongyang
71%
Y 8 Vatican City | Mexico City | Guatemala City | Panama City | Kuwait City | Port Moresby | Niamey | Conakry
71%
U 11 Nassau | Mogadishu | Baku | Cotonou | Thimphu | Roseau | Bissau | Maseru | Chisinau | Kathmandu | Ouagadougou
65%
L 3 Kabul | Seoul | Banjul
62%
R 5 San Salvador | Dakar | Kuala Lumpur | Ulaanbaatar | Palikir
61%
Z 3 Vaduz | La Paz | Ciudad de la Paz
58%
B 1 Zagreb
58%
V 1 Kyiv
54%
H 2 Phnom Penh | Riyadh
45%
No matching quizzes found
Score Distribution
Percent of People with Each Score
Percentile by Number Answered
Your Score History
You have not taken this quiz since the last reset